Fenntartható Turizmus Délkelet-Ázsiában
| Szerző: | |
|---|---|
| További közreműködők: | |
| Dokumentumtípus: | Diplomadolgozat |
| Kulcsszavak: | Délkelet-Ázsia fenntarthatóság közösség alapú turizmus ökoturizmus turizmus |
| Online Access: | http://dolgozattar.uni-bge.hu/59587 |
MARC
| LEADER | 00000nta a2200000 i 4500 | ||
|---|---|---|---|
| 001 | dolg59587 | ||
| 005 | 20260409145252.0 | ||
| 008 | 260409suuuu hu om 000 hun d | ||
| 040 | |a BGE Dolgozattár Repozitórium |b hun | ||
| 041 | |a hu | ||
| 100 | 1 | |a Samu Mihály Ábel | |
| 245 | 1 | 0 | |a Fenntartható Turizmus Délkelet-Ázsiában |c Samu Mihály Ábel |h [elektronikus dokumentum] |
| 520 | 3 | |a Dolgozatom célja Délkelet-Ázsia fenntartható turizmusának átfogó vizsgálata, különös tekintettel a gazdasági, társadalmi, környezeti kihívásokra és a lehetséges megoldásokra. Primer kutatásom során világossá vált, hogy a turizmus a régió egyik legfontosabb gazdasági motorjává vált, jelentős devizabevételekkel, munkahelyteremtéssel és infrastrukturális fejlődéssel járulva hozzá a helyi társadalmak jólétéhez. Ugyanakkor a gyors növekedés komoly fenntarthatósági problémákat is felszínre hozott: a környezeti terhelés, az ökoszisztémák pusztulása, atársadalmi egyenlőtlenségek és a kulturális identitás veszélyeztetettsége mind olyan tényezők, amelyek sürgős beavatkozást igényelnek. A kérdőíves kutatás eredményei rávilágítanak arra, hogy a turisták körében magas a fenntarthatósági tudatosság, de a gyakorlati megvalósításhiányosságokkal küzd. | |
| 695 | |a Délkelet-Ázsia | ||
| 695 | |a fenntarthatóság | ||
| 695 | |a közösség alapú turizmus | ||
| 695 | |a ökoturizmus | ||
| 695 | |a turizmus | ||
| 700 | 1 | |a Hegedüs Sára |e ths | |
| 856 | 4 | 0 | |u http://dolgozattar.uni-bge.hu/59587/1/Fenntarthato%CC%81%20Turizmus%20De%CC%81lkelet-A%CC%81zsia%CC%81ban%20-%20Samu%20Miha%CC%81ly%20A%CC%81bel%20%28G17IQ3%29.pdf |z Dokumentum-elérés |
| 856 | 4 | 0 | |u http://dolgozattar.uni-bge.hu/59587/2/Samu%20Mih%C3%A1ly%20%C3%81bel%20_%20Heged%C3%BCs%20Szakdolgozat%20%C3%A9rt%C3%A9kel%C5%91%20Bsc.pdf |z Dokumentum-elérés |
| 856 | 4 | 0 | |u http://dolgozattar.uni-bge.hu/59587/3/B%C3%ADr%C3%A1lati%20lap_BSc_Samu%20%20Miha%CC%81ly%20A%CC%81bel_G17IQ3.pdf |z Dokumentum-elérés |